Chiến lược và chính sách kinh doanh
Gespeichert in:
| 1. Verfasser: | |
|---|---|
| Format: | Buch |
| Sprache: | Undetermined |
| Veröffentlicht: |
Tp. HCM
Thống Kê
1998
|
| Schlagworte: | |
| Tags: |
Tag hinzufügen
Keine Tags, Fügen Sie den ersten Tag hinzu!
|
| Thư viện lưu trữ: | Trung tâm Học liệu Trường Đại học Cần Thơ |
|---|
| LEADER | 00581nam a2200193Ia 4500 | ||
|---|---|---|---|
| 001 | CTU_31068 | ||
| 008 | 210402s9999 xx 000 0 und d | ||
| 020 | |b 31.500đ | ||
| 082 | |a 658 | ||
| 082 | |b D307/1998 | ||
| 100 | |a Nguyễn Thị LIên Diệp | ||
| 245 | 0 | |a Chiến lược và chính sách kinh doanh | |
| 245 | 0 | |c Nguyễn Thị LIên Diệp, Phạm Văn Nam | |
| 260 | |a Tp. HCM | ||
| 260 | |b Thống Kê | ||
| 260 | |c 1998 | ||
| 650 | |a managerial economics | ||
| 904 | |i Minh, 990607 | ||
| 980 | |a Trung tâm Học liệu Trường Đại học Cần Thơ | ||